<?xml version="1.0" encoding="UTF-8"?>
<record
    xmlns:xsi="http://www.w3.org/2001/XMLSchema-instance"
    xsi:schemaLocation="http://www.loc.gov/MARC21/slim http://www.loc.gov/standards/marcxml/schema/MARC21slim.xsd"
    xmlns="http://www.loc.gov/MARC21/slim">

  <leader>00875nam0a22002291i 4500</leader>
  <controlfield tag="001">rc\4756087</controlfield>
  <controlfield tag="005">20240726020645.0</controlfield>
  <datafield tag="021" ind1=" " ind2=" ">
    <subfield code="a">RU</subfield>
    <subfield code="b">[60-72001]</subfield>
  </datafield>
  <datafield tag="035" ind1=" " ind2=" ">
    <subfield code="a">(NLR Aleph) 008995030</subfield>
  </datafield>
  <datafield tag="090" ind1=" " ind2=" ">
    <subfield code="a">9270953</subfield>
    <subfield code="c">9270953</subfield>
  </datafield>
  <datafield tag="100" ind1=" " ind2=" ">
    <subfield code="a">20130417d1960    |||y0rusy50      ca</subfield>
  </datafield>
  <datafield tag="101" ind1="0" ind2=" ">
    <subfield code="a">rus</subfield>
  </datafield>
  <datafield tag="102" ind1=" " ind2=" ">
    <subfield code="a">RU</subfield>
  </datafield>
  <datafield tag="105" ind1=" " ind2=" ">
    <subfield code="a">y   d   |||||</subfield>
  </datafield>
  <datafield tag="200" ind1="1" ind2=" ">
    <subfield code="a">&#x411;&#x44E;&#x434;&#x436;&#x435;&#x442; &#x441;&#x43E;&#x446;&#x438;&#x430;&#x43B;&#x438;&#x441;&#x442;&#x438;&#x447;&#x435;&#x441;&#x43A;&#x43E;&#x433;&#x43E; &#x433;&#x43E;&#x441;&#x443;&#x434;&#x430;&#x440;&#x441;&#x442;&#x432;&#x430;</subfield>
    <subfield code="e">(&#x41D;&#x430; &#x43F;&#x440;&#x438;&#x43C;&#x435;&#x440;&#x435; &#x421;&#x421;&#x421;&#x420; &#x438; &#x41A;&#x41D;&#x420;)</subfield>
    <subfield code="e">&#x410;&#x432;&#x442;&#x43E;&#x440;&#x435;&#x444;&#x435;&#x440;&#x430;&#x442; &#x434;&#x438;&#x441;. &#x43D;&#x430; &#x441;&#x43E;&#x438;&#x441;&#x43A;&#x430;&#x43D;&#x438;&#x435; &#x443;&#x447;&#x435;&#x43D;. &#x441;&#x442;&#x435;&#x43F;&#x435;&#x43D;&#x438; &#x43A;&#x430;&#x43D;&#x434;&#x438;&#x434;&#x430;&#x442;&#x430; &#x44D;&#x43A;&#x43E;&#x43D;. &#x43D;&#x430;&#x443;&#x43A;</subfield>
    <subfield code="f">&#x41C;-&#x432;&#x43E; &#x432;&#x44B;&#x441;&#x448;. &#x438; &#x441;&#x440;&#x435;&#x434;. &#x441;&#x43F;&#x435;&#x446;. &#x43E;&#x431;&#x440;&#x430;&#x437;&#x43E;&#x432;&#x430;&#x43D;&#x438;&#x44F; &#x420;&#x421;&#x424;&#x421;&#x420;. &#x41C;&#x43E;&#x441;&#x43A;. &#x444;&#x438;&#x43D;. &#x438;&#x43D;-&#x442;</subfield>
  </datafield>
  <datafield tag="210" ind1=" " ind2=" ">
    <subfield code="a">&#x41C;&#x43E;&#x441;&#x43A;&#x432;&#x430;</subfield>
    <subfield code="d">1960</subfield>
  </datafield>
  <datafield tag="215" ind1=" " ind2=" ">
    <subfield code="a">20 &#x441;.</subfield>
    <subfield code="d">21</subfield>
  </datafield>
  <datafield tag="700" ind1=" " ind2="0">
    <subfield code="a">&#x41B;&#x443; &#x41D;&#x430;&#x43D;&#x44C;-&#x446;&#x44E;&#x430;&#x43D;&#x44C;</subfield>
  </datafield>
  <datafield tag="801" ind1=" " ind2="0">
    <subfield code="a">RU</subfield>
    <subfield code="b">NLR</subfield>
    <subfield code="g">psbo</subfield>
  </datafield>
  <datafield tag="801" ind1=" " ind2="1">
    <subfield code="a">RU</subfield>
    <subfield code="b">ELAR</subfield>
    <subfield code="2">rusmarc</subfield>
  </datafield>
  <datafield tag="852" ind1=" " ind2=" ">
    <subfield code="a">NLR</subfield>
    <subfield code="j">60-6/8458</subfield>
  </datafield>
  <datafield tag="942" ind1=" " ind2=" ">
    <subfield code="c">BOOK</subfield>
  </datafield>
</record>
